Name All Chase Atlantic Songs - Statistics

General Stats
  • This quiz has been taken 996 times
  • The average score is 55 of 87
Answer Stats
Dalliance % Correct
Friends
92%
Swim
91%
HEAVEN AND BACK
85%
Into It
85%
Slow Down
84%
Consume
82%
Church
81%
Meddle About
81%
The Walls
80%
Moonlight
79%
OHMAMI
79%
Drugs & Money
77%
DIE FOR ME
76%
Paradise
75%
Right Here
75%
Cassie
74%
YOU
74%
HER
73%
MAMACITA
71%
Okay
71%
PHASES
71%
23
70%
BEAUTY IN DEATH
69%
Ozone
68%
RICOCHET
68%
Roxanne
68%
Dancer in the Dark
67%
SLIDE
67%
Triggered
67%
ANGELS
66%
DEVILISH
66%
GREENGREENGREEN
66%
Angeline
65%
DISCONNECTED
65%
Falling
65%
MOLLY
65%
PARANOID
64%
Vibes
64%
FACEDOWN
63%
FAVELA
63%
LIKE A ROCKSTAR
63%
I DON'T LIKE DARKNESS
62%
STUCKINMYBRAIN
62%
Uncomfortable
61%
AMY
60%
DEMON TIME
60%
LUST
60%
REMIND ME
60%
NO RAINBOWS
59%
YOU TOO.
59%
EMPTY
58%
ESCORT
58%
NIGHT CALLS
58%
Tidal Wave
58%
TOO LATE
58%
I NEVER EXISTED
57%
Obsessive
57%
WARCRY
57%
DOUBT IT
56%
LOVE IS (NOT) EASY
56%
PLEASEXANNY
56%
VICTORY LAP
56%
WHAT U CALL THAT
56%
CALL ME BACK
55%
Gravity
55%
Keep It Up
55%
Talk Slow
55%
ALEYUH
54%
CHXSE
54%
EVEN THOUGH I'M DEPRESSED
53%
MESS ME UP
53%
Numb to the Feeling
53%
OUT THE ROOF
53%
Anchor Tattoo
52%
HOURS LOST
52%
INTRO
52%
I THINK I'M LOST AGAIN
52%
DON'T LAUGH
51%
STRANGER THINGS
51%
WASTED
49%
Why Stop Now
47%
COLD NIGHTS
46%
No Friends
46%
PLEASE STAND BY
46%
Run Away
44%
Hold Your Breath
43%
Gravity (So Much Higher Remix)
30%
No matching quizzes found
Score Distribution
Percent of People with Each Score
Percentile by Number Answered
Your Score History
You have not taken this quiz